| 000 | 00819pam a2200265 a 4500 | ||
|---|---|---|---|
| 001 | 4869225 | ||
| 003 | NUST - PNEC | ||
| 005 | 20170116180858.0 | ||
| 008 | 920707s1994 nyua 001 0 eng | ||
| 010 | _a 92023972 | ||
| 020 | _a0827350988 | ||
| 040 |
_aDLC _cLIBRARY _dDLC |
||
| 050 | 0 | 0 |
_aT47 _b.T55 1994 |
| 082 | 0 | 0 |
_a600 BRA _220 |
| 100 | 1 | _aThode, Bradley R. | |
| 245 | 1 | 0 |
_aTechnology / _cBrad and Terry Thode. |
| 260 |
_aAlbany, NY : _bDelmar, _cc1994. |
||
| 300 |
_axix, 435 p. : _bcol. ill. ; _c27 cm. |
||
| 440 | 0 | _aDelmar technology series | |
| 500 | _aIncludes index. | ||
| 650 | 0 |
_aTechnology. _xGernal |
|
| 700 | 1 | _aThode, Terry. | |
| 942 |
_2ddc _cBK |
||
| 999 |
_c64886 _d64886 |
||